21 personnages L'école du Bien et du Mal (film) - Statistiques

Statistiques générales
  • Ce quiz a été pris 151 fois
  • Le résultat moyen est 12 sur 21
Statistiques - réponses
Hint Réponse % Correct
1 Sophie
100%
2 Agatha
94%
5 Tedros
88%
3 Lesso
75%
9 Dot
74%
7 Hester
74%
8 Anadil
69%
4 Dovey
68%
10 Hort
68%
11 Rafal
65%
6 Béatrix
64%
18 Kiko
60%
12 Grand Maitre
50%
19 Tristan
43%
21 Reena
42%
13 Anemone
39%
15 Yuba
29%
14 Manley
24%
20 Gregor
19%
16 Storien
17%
17 Deauville
8%
Aucun quiz correspondant
Distribution des résultats
% des personnes avec chaque résultat
Percentile par nombre de réponses
Votre historique - résultats
Vous n’avez pas pris ce quiz